Bilanpat : (Record no. 43661)

MARC details
000 -LEADER
fixed length control field 01049njm a22002537a 4500
005 - DATE AND TIME OF LATEST TRANSACTION
control field 20100903155835.0
006 - FIXED-LENGTH DATA ELEMENTS--ADDITIONAL MATERIAL CHARACTERISTICS--GENERAL INFORMATION
fixed length control field a|||||r|||||00| 0
007 - PHYSICAL DESCRIPTION FIXED FIELD--GENERAL INFORMATION
fixed length control field sd ammalaaahaa
008 - FIXED-LENGTH DATA ELEMENTS--GENERAL INFORMATION
fixed length control field 100903t xxu||||| |||| 00| 0 eng d
028 ## - PUBLISHER NUMBER
Publisher number N 36050
Source His Master's Voice
035 ## - SYSTEM CONTROL NUMBER
System control number GR-249
100 ## - MAIN ENTRY--PERSONAL NAME
Personal name Faiyaz Hussain Khan
9 (RLIN) 18037
245 ## - TITLE STATEMENT
Title Bilanpat :
Statement of responsibility, etc by Faiyaz Hussain Khan
Medium [sound recording]
Remainder of title raamkali /
246 ## - VARYING FORM OF TITLE
Title proper/short title बिलंपत / फैयाज़ हुसैन खान
260 ## - PUBLICATION, DISTRIBUTION, ETC. (IMPRINT)
Place of publication, distribution, etc Dum Dum, India
Name of publisher, distributor, etc His Master's Voice
300 ## - PHYSICAL DESCRIPTION
Extent 1 sound disc [Gramophone Recording]
Other physical details analog, 33 1/3rpm ;
Dimensions 9.5 in. (MP)
Type of unit Gramaphone Records
500 ## - GENERAL NOTE
General note Brief record
505 ## - FORMATTED CONTENTS NOTE
Formatted contents note Side-2 उनसंग लागी अंखियाँ-रामकली (Unsang laagi aankhiyaan-ramkali) (Faiyaz Hussain Khan)
650 ## - SUBJECT ADDED ENTRY--TOPICAL TERM
Topical term or geographic name as entry element Classical music
General subdivision Excerpts
Geographic subdivision India
9 (RLIN) 18040
700 ## - ADDED ENTRY--PERSONAL NAME
9 (RLIN) 18050
700 ## - ADDED ENTRY--PERSONAL NAME
Personal name Roy, Juthika
9 (RLIN) 18053
942 ## - ADDED ENTRY ELEMENTS (KOHA)
Source of classification or shelving scheme Dewey Decimal Classification
Item type Gramaphone Records
Holdings
Withdrawn status Lost status Source of classification or shelving scheme Damaged status Not for loan Collection code Home library Current library Date acquired Source of acquisition Total Checkouts Barcode Date last seen Copy number Price effective from Koha item type
    Dewey Decimal Classification   Not For Loan Non-fiction Central Library Central Library 03/09/2010 SED/VEN   GR-249 03/09/2010 1 03/09/2010 Gramaphone Records

© Delhi Public Library
Hit Counter
free hit counter